Govt. of
Madhya Pradesh

SARDAR the Game Changer (Record no. 68403)

MARC details
000 -LEADER
fixed length control field 00246nam a22001097a 4500
082 ## - DEWEY DECIMAL CLASSIFICATION NUMBER
Classification number 920/MAN
100 ## - MAIN ENTRY--AUTHOR NAME
Personal name Manak,Geeta
245 ## - TITLE STATEMENT
Title SARDAR the Game Changer
260 ## - PUBLICATION, DISTRIBUTION, ETC. (IMPRINT)
Place of publication delhi
Name of publisher Kautilya Books
Year of publication 2023
650 ## - SUBJECT ADDED ENTRY--TOPICAL TERM
Topical Term Biography
942 ## - ADDED ENTRY ELEMENTS (KOHA)
Koha item type Books
Holdings
Withdrawn status Lost status Damaged status Not for loan Home library Current library Date acquired Cost, normal purchase price Full call number Accession Number Price effective from Koha item type
        MACL MACL 29/10/2025 850.00 920/MAN DPI004069 29/10/2025 Books